000 00401nam a2200133Ia 4500
008 220217s9999||||xx |||||||||||||| ||und||
020 _a81-265-0292-4
082 _a005.43 COL
100 _aColling, Terry Wall, Kurt
_92635
245 0 _aOfficial red hat linux networking and system administration
260 _aWiley dreamtech
_bNew Delhi
_c2002
300 _b195
650 _aOperating systems
999 _c169511
_d169511